Normal view
MARC view
- Chandra, Pitam
Entry Personal Name
001 - CONTROL NUMBER
- control field: 1994
003 - CONTROL NUMBER IDENTIFIER
- control field: OSt
005 - DATE AND TIME OF LATEST TRANSACTION
- control field: 20170324114440.0
008 - FIXED-LENGTH DATA ELEMENTS
- fixed length control field: 170324|| aca||aabn | a|a d
040 ## - CATALOGING SOURCE
- Original cataloging agency: OSt
- Transcribing agency: OSt
100 ## - HEADING--PERSONAL NAME
- Personal name: Chandra, Pitam
670 ## - SOURCE DATA FOUND
- Source citation: Work cat.: (OSt): Garg, M.K 1993, Processing and food engineering (Objective questions and answers), 2017
